000 00384nam a22001577a 4500
003 MPLRDC
005 20220104144506.0
008 210129b ||||| |||| 00| 0 eng d
082 _a859.5 RMSJ c.2
100 _a不详
245 _a八仙传奇故事
_c
260 _a
_b人民书局有限公司
_c
300 _b
650 _a儿童故事; 神话
942 _cBK
_o859.5 RMSJ c.2
999 _c50138
_d50128